Rozvrh fenomenologické interpretace Aristotela /

Guardado en:
Detalles Bibliográficos
Autor principal: Heidegger, Martin (Autor)
Otros Autores: Chvatík, Ivan (Traductor)
Formato: Libro
Lenguaje:checo
alemán
Publicado: Praha : OIKOYMENH, 2008
Edición:1. vydanie
Materias:
Etiquetas: Agregar Etiqueta
Sin Etiquetas, Sea el primero en etiquetar este registro!

MARC

LEADER 00000nam a22000003a 4500
001 0021956
003 SK-STU
005 20170209094654.2
007 ta
008 170209s ----xo-----e------000-0-----d
020 |a 978-80-7298-305-6 
040 |a STU  |b slo 
041 0 |a cze  |h ger 
044 |a xr 
100 1 |a Heidegger, Martin  |4 aut 
245 1 0 |a Rozvrh fenomenologické interpretace Aristotela /  |c aut. Martin Heidegger ; prekl. Ivan Chvatík 
250 |a 1. vydanie 
260 |a Praha :  |b OIKOYMENH,  |c 2008 
300 |a 94 s. 
650 0 7 |a spoločenské vedy 
650 0 7 |a Aristoteles 
650 0 7 |a grécka antická filozofia 
650 0 7 |a ontológia 
650 0 7 |a fenomenológia 
650 0 7 |a existencializmus 
650 0 7 |a filozofické systémy a hľadiská 
700 1 |a Chvatík, Ivan  |r Z6  |4 trl 
996 |b 284AU06890  |c A* 10020/U  |l AAKNST  |s P  |a 0  |w 0021956_0001